Beyoncé Lemonade - Statistics

General Stats
  • This quiz has been taken 46 times
  • The average score is 10 of 13
Answer Stats
Hint Answer % Correct
11 All Night
90%
12 Formation
90%
4 Sorry
90%
10 Freedom
88%
2 Hold Up
88%
5 6 Inch
83%
8 Sandcastles
79%
3 Don't Hurt Yourself
76%
1 Pray You Catch Me
76%
6 Daddy Lessons
74%
7 Love Drought
71%
9 Forward
67%
13 Sorry - Original Demo
29%
No matching quizzes found
Score Distribution
Percent of People with Each Score
Percentile by Number Answered
Your Score History
You have not taken this quiz